000 00420nam a2200133Ia 4500
008 171212s9999 xx 000 0 und d
020 _a9780874215670
100 _aBishop, Suzette
245 _cBishop, Suzette
_aShe Took Off Her Wings And Shoes
260 _bUniversity Press of Colorado
_c2003
440 _aSwenson Poetry Award
650 _aLanguage & Literature
856 _uhttp://www.jstor.org/stable/j.ctt46nrsd
999 _c353172
_d353172